000 00321nam a22001457a 4500
003 SGT
020 _a978-93-83290-52-9
082 _a615.32
_bE15S
100 _aSHAH,BIREN.N.
245 _aEXPERIMENTAL PHARMACOGNOSY
260 _aJALANDHAR
_bS.VIKASH
_c2015
300 _a271
650 _aPHARMACY
942 _2ddc
_cBK
_01
999 _c17331
_d17331